[Event "London Chess Classic (Blitz)"]
[Site "London ENG"]
[Date "2014.12.08"]
[EventDate "2014.12.08"]
[Round "10.1"]
[Result "0-1"]
[White "Viswanathan Anand"]
[Black "Fabiano Caruana"]
[WhiteElo "2793"]
[BlackElo "2829"]
[PlyCount "98"]

1. e4 d6 2. d4 g6 3. Nc3 Bg7 4. f4 a6 5. Nf3 b5 6. Bd3 Nd7
7. e5 c5 8. Be4 Rb8 9. Be3 cxd4 10. Bxd4 dxe5 11. fxe5 e6
12. O-O Ne7 13. Qe1 O-O 14. a4 b4 15. Ne2 Bb7 16. Nf4 Qc7
17. Bxb7 Rxb7 18. c3 bxc3 19. bxc3 Nf5 20. Nd3 a5 21. g4 Nxd4
22. cxd4 Rb3 23. Qe4 Qb6 24. Kh1 f5 25. gxf5 gxf5 26. Qe2 Qa6
27. Rad1 Kh8 28. Nf4 Qxe2 29. Nxe2 Rb4 30. Nf4 Re8 31. Ng5 Nf8
32. Nf7+ Kg8 33. Nd6 Re7 34. Rg1 Kh8 35. Nh5 Ng6 36. Rc1 Rxd4
37. Rc8+ Bf8 38. Rxg6 hxg6 39. Rxf8+ Kh7 40. Nf6+ Kg7 41. Ra8
Rxa4 42. Kg2 Rb4 43. Rxa5 g5 44. Ra8 g4 45. Kg3 Rb3+ 46. Kf4
Kh6 47. Rh8+ Kg7 48. Rh7+ Kg6 49. Rxe7 Rf3# 0-1